000
00338 a2200157 4500
001
49378
020
_a
8508075006
040
_c
Anchieta - Bela Vista
100
_a
Maar, Paul
240
1
0
_a
A viagem de Lisa
_l
por
245
1
0
_a
A viagem de Lisa
300
_a
30
362
0
_a
2001
650
4
_a
Literatura infanto-juvenil
942
_c
BK
999
_c
49378
_d
49378